El federalismo en los Estados Unidos Mexicanos

Bibliographic Details
Main Author: Cabrero Mendoza, Enrique
Format: Book
Language:Spanish
Published: Mx̌ico Nostra Ediciones 2007
Subjects:
Online Access:Acceso restringido

MARC

LEADER 00000nam a22000007a 4500
005 20151014092958.0
007 cr|||| ||u|
008 151014s2007 mx ||||| |||| 00| 0 spa d
020 |a 978-968-5447-63-8 
035 |a 12843 
040 |a vLex 
090 |c 5604  |d 5604 
100 1 |a Cabrero Mendoza, Enrique 
245 1 3 |a El federalismo en los Estados Unidos Mexicanos  |h [Recurso electrn̤ico] /  |c Enrique Cabrero Mendoza  
256 |a Servicio en ln̕ea 
260 |a Mx̌ico  |b Nostra Ediciones  |c 2007 
300 |a 1 recurso electrn̤ico 
506 1 |a Contenido solo disponible en los productos indicados  |d vLex Global  |d vLex Global (Academic Edition, excluding Law Schools)  |d vLex Global (U.S. Academic Edition, Law Schools)  |d vLex Global (U.S. Academic Edition, excluding Law Schools)  |d vLex Global (Academic Edition, Law Schools) 
650 0 4 |a Federalismo   |z Estados Unidos 
740 0 |a vLex libros (servicio en ln̕ea) 
856 4 0 |u http://vlex.com/source/federalismo-estados-unidos-mexicanos-12843  |z Acceso restringido 
942 |c BOOK 
999 0 |a Federal Government